Phép tính vi phân và tích phân hàm một biến
Khái niệm về hàm số, giới hạn hàm số, hàm số liên tục, phép tính vi phân hàm một biến, các định lý cơ bản của phép tính vi phân. Phép tính tích phân, tích phân bất định, tích phân xác định, tích phân suy rộng
Na minha lista:
| Autor principal: | |
|---|---|
| Outros Autores: | |
| Formato: | Livro |
| Idioma: | Vietnamese |
| Publicado em: |
H.
Đại học Quốc gia Hà Nội
2002
|
| Edição: | In lần thứ 2 |
| Assuntos: | |
| Tags: |
Adicionar Tag
Sem tags, seja o primeiro a adicionar uma tag!
|
| Thư viện lưu trữ: | Mạng thư viện Đại học Đà Nẵng |
|---|
| LEADER | 01501nam a2200361 4500 | ||
|---|---|---|---|
| 001 | 000007704 | ||
| 003 | 3867 | ||
| 005 | 20121010141003.0 | ||
| 008 | 111011s2002 viesd | ||
| 020 | |c 26800đ | ||
| 041 | 0 | |a vie | |
| 082 | |a 515.7 |b NG-M | ||
| 100 | 0 | |a Nguyễn Văn Mậu | |
| 245 | 0 | |a Phép tính vi phân và tích phân hàm một biến |c Nguyễn Văn Mậu, Đặng Huy Ruận, Nguyễn Thuỷ Thanh | |
| 250 | |a In lần thứ 2 | ||
| 260 | |a H. |b Đại học Quốc gia Hà Nội |c 2002 | ||
| 300 | |a 315 tr. |c 24cm | ||
| 520 | |a Khái niệm về hàm số, giới hạn hàm số, hàm số liên tục, phép tính vi phân hàm một biến, các định lý cơ bản của phép tính vi phân. Phép tính tích phân, tích phân bất định, tích phân xác định, tích phân suy rộng | ||
| 653 | |a Hàm một biến | ||
| 653 | |a Phép tính vi phân | ||
| 653 | |a Phép tính tích phân | ||
| 700 | |a Nguyễn văn Mậu |a Đặng Huy Ruận |a Nguyễn Thủy Thanh |e Tác giả | ||
| 910 | |a Duyên | ||
| OWN | |a LSP | ||
| AVA | |a UDN50 |b LSP |d 515.7 NG-M |e check_holdings |t Error 5003 Not defined in file expand_doc_bib_avail. |h N |k 1 | ||
| 999 | |a From the UDN01 | ||
| AVA | |a UDN50 |b LSP |d 515.7 NG-M |e available |t Error 5001 Not defined in file expand_doc_bib_avail. |f 47 |g 0 |h N |i 0 |k 1 | ||
| TYP | |a Monograph | ||
| TYP | |a Printed language | ||
| 980 | |a Mạng thư viện Đại học Đà Nẵng | ||